| 000 | 00718nam a2200205Ia 4500 | ||
|---|---|---|---|
| 003 | IN-BaIIA | ||
| 008 | 211028s9999 xx s 000 0 eng d | ||
| 020 | _a978-2-7598-0624-9 (Online) | ||
| 022 | _a1633-4760 (Print) | ||
| 022 | _a1638-1963 (Online) | ||
| 040 | _cIIA Library | ||
| 100 |
_aJoblin, C., ed. _938211 |
||
| 245 | 0 |
_aPAHs and the Universe: A Symposium to Celebrate the 25th Anniversary of the PAH Hypothesis _h[eBook] |
|
| 260 |
_aFrance _bEDP Sciences _c2011 |
||
| 300 | _avi, 468p. | ||
| 490 | _aEAS Publications Series | ||
| 700 |
_aTielens, A.G.G.M. _920028 |
||
| 856 |
_uhttps://www.eas-journal.org/articles/eas/abs/2011/01/contents/contents.html _yClick Here to Access eBook |
||
| 942 | _cEB | ||
| 999 |
_c20640 _d20640 |
||